01779nam a2200313 i 450000100060000000300090000600500170001500700030003200800410003501700520007602000180012804000220014608000150016808000120018310000400019524501020023526000310033730000650036849000320043350400380046552007500050353400480125365000190130165000170132065000260133770000300136383000320139385200400142516228ES-MaACL20250813063257.0t|000711e1997 sp a |r 00|00|spa j aM 38148-1997 bOficina Depósito Legal Madrid  a84-7774-588-9 aM-BN bspa cM-BN a7.034/.036 a7.017.21 aBaxandall, Michael,d1933-2008eaut14aLas sombras y el Siglo de las Luces / cMichel Baxandall ; [traducción de Amaya Bozal Chamorro] aMadrid : bVisor, c[1997] a201 páginas, [16] páginas de láminas (color) ; c24 cm1 aLa balsa de la Medusa ;v88 aBibliografía: páginas 187-195 aEste libro trata el problema de las sombras y su incidencia en nuestra experiencia visual. Yuxtapone las nociones de sombras propias de la modernidad y las del siglo XVIII con la intención de sacar partido de la tensión que se establece entre ambas. No pretende hacer, y no lo hace, una definición de sombras, pero atiende tanto a su práctica por los pintores cuanto a su explicación por los teóricos, y pone de manifiesto que no es un concepto negativo, una mera ausencia de luz. Aunque carece de un territorio específico y permanente, no por ello es menos activa, no por ello deja de aportar conocimiento. Pensar cómo la sombra podría aportarnos conocimiento conlleva la tarea de determinar cómo y hasta qué punto lo hace aTraducción de: Shadows and enlightenment  4aArte-yS.XVIII 0aArte-yS.XIX 7aSombras (Arte)2embne1 aBozal, Amaya,d1972-etrl 3aLa balsa de la Medusa ;v88 aES-MaACLbR.128585cDEPO2jL-23455